Anatomy & physiology / (Record no. 1032)

MARC details
000 -LEADER
fixed length control field 00654cam a2200229 a 4500
020 ## - INTERNATIONAL STANDARD BOOK NUMBER
ISBN 081518252X
050 00 - CALL NUMBER
Classification number QP34.5
Item number .S4
100 1# - AUTHOR
Personal name Seeley, Rod R.
245 10 - TITLE
Title Anatomy & physiology /
Statement of responsibility, etc Rod R. Seeley, Trent D. Stephens, Philip Tate.
250 ## - EDITION
Edition statement 3rd ed., rev. printing
260 ## - PUBLICATION INFORMATION
Place of publication St. Louis :
Name of publisher Mosby,
Year of publication c1995.
300 ## - DESCRIPTION
Number of Pages xvii, 1020, [107] p. :
Other physical details ill. (some col.) ;
Dimensions 29 cm.
500 ## - NOTES
General note Includes index.
500 ## - NOTES
General note "Revised printing"--Cover.
650 #0 - SUBJECTS
Topical Term Human physiology.
650 #0 - SUBJECTS
Topical Term Human anatomy.
650 #2 - SUBJECTS
Topical Term Anatomy.
650 #2 - SUBJECTS
Topical Term Physiology.
700 1# - OTHER AUTHORS
Personal name Stephens, Trent D.
700 1# - OTHER AUTHORS
Personal name Tate, Philip.
942 ## - ADDED ENTRY ELEMENTS (KOHA)
Koha item type Books
Holdings
Withdrawn status Lost status Home library Current library Shelving location Date acquired Full call number Accession Number Copy number Koha item type
    Methodist University Library Wenchi Nursing Methodist University Library Wenchi Nursing General Stacks 20/11/2017 QP34.5 .S4 21536 1 Books
    Methodist University Library Wenchi Nursing Methodist University Library Wenchi Nursing General Stacks 20/11/2017 QP34.5 .S4 19643 2 Books
Copyright © 2026  MUG Library